01030cam a2200277 a 45000010008000000030005000080050017000130080041000300100017000710200015000880400018001030500021001210820016001421000025001582450142001832600037003253000035003625000008003975040051004056500059004566500035005157000023005507000021005738560085005948560073006794474469NUST20171005125410.0960814s1997 nyuab b 000 0 eng  a 96077933  a0070276862 aDLCcDLCdDLC00aGE105b.H43 199700a628 HEA2211 aHeathcote, Isobel W.10aEnvironmental problem-solving :ba case study approach /cIsobel W. Heathcote ; [the editors were Karen J. Allanson and John M. Morriss]. aNew York :bMcGraw-Hill,cc1997. a199 p. :bill., maps ;c28 cm. aP.B aIncludes bibliographical references and index. 0aEnvironmental sciencesxDecision makingxCase studies. 0aProblem solvingxCase studies.1 aAllanson, Karen J.1 aMorriss, John M.423Publisher descriptionuhttp://www.loc.gov/catdir/description/mh022/96077933.html413Table of contentsuhttp://www.loc.gov/catdir/toc/mh022/96077933.html